Sports Quiz

Random Sports or World Cup Quiz

FIBA 2019 World Cup Quiz Stats

 Plays Quiz Updated Aug 31, 2019

Score 0/32 Timer 03:00
5 Plays Today
Hint Answer % Correct
AmericaUnited States
96.4%
EuropeFrance
88.5%
EuropeSpain
88.1%
Asia and OceaniaChina
87.3%
AmericaBrazil
85.9%
AmericaCanada
85.1%
AmericaArgentina
84.8%
Asia and OceaniaJapan
84.7%
Asia and OceaniaAustralia
83.1%
EuropeGermany
82.9%
EuropeItaly
77.4%
EuropeRussia
74%
EuropeGreece
72.3%
AfricaNigeria
72%
EuropeSerbia
70.1%
Asia and OceaniaNew Zealand
69.1%
Hint Answer % Correct
Asia and OceaniaKorea
60.4%
EuropeTurkey
60.1%
EuropeLithuania
53.7%
EuropePoland
53.6%
AfricaSenegal
46.1%
AmericaVenezuela
45%
Asia and OceaniaIran
43.6%
AfricaAngola
41.9%
AmericaPuerto Rico
41.3%
EuropeCzech Republic
38.7%
AfricaTunisia
37.1%
EuropeMontenegro
35.5%
AmericaDominican Republic
35%
Asia and OceaniaPhilippines
33.1%
AfricaCôte d'Ivoire
32.7%
Asia and OceaniaJordan
22.1%

You're not logged in!

Compare scores with friends on all Sporcle quizzes.
OR
Log In

Sporcle TV

Today on Sporcle TV


Watch our educational content, quiz creation guides, and fun videos on Sporcle TV.

Show Comments

Extras

Top Quizzes Today


Score Distribution

Your Account Isn't Verified!

In order to create a playlist on Sporcle, you need to verify the email address you used during registration. Go to your Sporcle Settings to finish the process.

Report this User

Report this user for behavior that violates our Community Guidelines.

Details: